Về vấn đề phân loại các nguồn sử liệu của lịch sử Việt Nam /
Enregistré dans:
| Auteur principal: | |
|---|---|
| Autres auteurs: | |
| Format: | Article |
| Langue: | Vietnamese |
| Sujets: | |
| Tags: |
Ajouter un tag
Pas de tags, Soyez le premier à ajouter un tag!
|
| Thư viện lưu trữ: | Thư viện Trường Đại học Đà Lạt |
|---|
| LEADER | 00846nam a2200277 4500 | ||
|---|---|---|---|
| 001 | DLU090086594 | ||
| 005 | ##20090224 | ||
| 040 | # | # | |a DLU |b vie |
| 041 | # | # | |a vie |
| 044 | # | # | |a vn |
| 100 | # | # | |a Nguyễn Văn Thâm. |
| 245 | # | # | |a Về vấn đề phân loại các nguồn sử liệu của lịch sử Việt Nam / |c Nguyễn Văn Thâm, Phan Đại Doãn. |
| 653 | # | # | |a Lịch sử Việt Nam |
| 653 | # | # | |a Sử liệu |
| 653 | # | # | |a Tài liệu gốc |
| 700 | # | # | |a Phan Đại Doãn. |
| 773 | # | # | |t Nghiên cứu lịch sử |g Số 6(225), 1985, tr. 60-69 |
| 920 | # | # | |a Phòng Tạp chí -- Trung tâm Thông tin - Thư viện Trường Đại học Đà Lạt |
| 994 | # | # | |a DLU |
| 900 | # | # | |a True |
| 911 | # | # | |a Nguyễn Thị Linh Chi |
| 925 | # | # | |a G |
| 926 | # | # | |a A |
| 927 | # | # | |a BB |
| 980 | # | # | |a Thư viện Trường Đại học Đà Lạt |